Тезисы докладов Пятого российско-японского симпозиума "Взаимодействие быстрых заряженных частиц с твердыми телами" (Запись № 6888991)
[ простой вид ]
| 000 -МАРКЕР | |
|---|---|
| контрольное поле | 01884nam1a22002651i 4500 |
| 001 - ИДЕНТИФИКАТОР ЗАПИСИ | |
| контрольное поле | rc\722093 |
| 005 - ИДЕНТИФИКАТОР ВЕРСИИ | |
| контрольное поле | 20260406214900.0 |
| 035 ## - ДРУГИЕ СИСТЕМНЫЕ НОМЕРА | |
| Идентификатор записи | (NLR Aleph) 005965377 |
| 100 ## - ДАННЫЕ ОБЩЕЙ ОБРАБОТКИ | |
| Данные общей обработки | 20031121d1996 u |0rusy50 ca |
| 101 0# - ЯЗЫК РЕСУРСА | |
| Язык текста, звукозаписи и т.д. | русский |
| 102 ## - СТРАНА ПУБЛИКАЦИИ ИЛИ ПРОИЗВОДСТВА | |
| Страна публикации | российская федерация |
| 105 ## - ПОЛЕ КОДИРОВАННЫХ ДАННЫХ: ТЕКСТОВЫЕ МАТЕРИАЛЫ, МОНОГРАФИЧЕСКИЕ | |
| Кодированные данные о монографическом текстовом документе | y ||||||||| |
| 200 1# - ЗАГЛАВИЕ И СВЕДЕНИЯ ОБ ОТВЕТСТВЕННОСТИ | |
| Основное заглавие | Тезисы докладов Пятого российско-японского симпозиума "Взаимодействие быстрых заряженных частиц с твердыми телами" |
| Параллельное заглавие | "On the interaction of fast charged particles with solids", (Белгород, 30 сент. - 5 окт.) |
| 210 ## - ПУБЛИКАЦИЯ, РАСПРОСТРАНЕНИЕ И ДР. | |
| Место издания, распространения и т.д. | Белгород |
| Имя издателя, распространителя и т. д. | Изд-во Белгород. гос. ун-та |
| Дата издания, распространения и т.д. | 1996 |
| 215 ## - ФИЗИЧЕСКАЯ ХАРАКТЕРИСТИКА | |
| Размеры | 20 |
| 300 ## - ОБЩИЕ ПРИМЕЧАНИЯ | |
| Текст примечания | В вып. дан. загл.: Радиационная повреждаемость и работоспособность конструкционных материалов |
| 300 ## - ОБЩИЕ ПРИМЕЧАНИЯ | |
| Текст примечания | В надзаг.: М-во общ. и проф. образования Рос. Федерации, МГУ им. М.В. Ломоносова, НИИ ядер. физики им. Д.В. Скобельцина, С.-Петерб. гос. техн. ун-т, Нац. науч. центр ХФТИ, Белгор. гос. ун-т |
| 510 0# - ПАРАЛЛЕЛЬНОЕ ЗАГЛАВИЕ | |
| Параллельное заглавие | "On the interaction of fast charged particles with solids", (Белгород, 30 сент. - 5 окт.) |
| 710 12 - НАИМЕНОВАНИЕ ОРГАНИЗАЦИИ - ПЕРВИЧНАЯ ОТВЕТСТВЕННОСТЬ | |
| Начальный элемент ввода | "Взаимодействие быстрых заряженных частиц с твердыми телами", российско-японский симпозиум |
| Порядковый номер временной организации и / или порядковый номер ее части | 5 |
| Дата проведения временной организации | 1996 |
| Место проведения временной организации | Белгород |
| Идентификатор авторитетной/нормативной записи | RU\NLR\AUTH\889972812 |
| Системный номер авторитетной/нормативной записи | 442073 |
| 712 12 - НАИМЕНОВАНИЕ ОРГАНИЗАЦИИ - ВТОРИЧНАЯ ОТВЕТСТВЕННОСТЬ | |
| Материалы, к которым относится поле | eng |
| Начальный элемент ввода | "On the interaction of fast charged particles with solids", Russian-Japan symposium |
| Порядковый номер временной организации и / или порядковый номер ее части | 5 |
| Дата проведения временной организации | 1996 |
| Место проведения временной организации | Belgorod |
| Графика поля | Латинская |
| Идентификатор авторитетной/нормативной записи | RU\NLR\AUTH\889972811 |
| Системный номер авторитетной/нормативной записи | 442071 |
| 801 #0 - ИСТОЧНИК ЗАПИСИ | |
| Страна | российская федерация |
| Организация | NLR |
| Правила каталогизации | psbo |
| 801 #1 - ИСТОЧНИК ЗАПИСИ | |
| Страна | российская федерация |
| Организация | ELAR |
| Источник данных | rusmarc |
| 852 ## - МЕСТОНАХОЖДЕНИЕ И ШИФР ХРАНЕНИЯ | |
| Идентификатор организации | NLR |
| Шифр хранения (Call Number) | 97-4/15383 |
| 942 ## - ДОПОЛНИТЕЛЬНЫЕ ЭЛЕМЕНТЫ ЗАПИСИ (АБИС) | |
| Тип экземпляра АБИС | Книга |
Нет доступных экземпляров.